Paleographie latine / (Record no. 148371)

MARC details
000 -LEADER
campo de control de longitud fija 00546nam a2200169 4500
001 - NÚMERO DE CONTROL
campo de control 148371
003 - IDENTIFICADOR DE NÚMERO DE CONTROL
campo de control ES-MaACL
007 - CAMPO FIJO DE DESCRIPCIÓN FÍSICA--INFORMACIÓN GENERAL
campo de control de longitud fija t|
008 - DATOS DE LONGITUD FIJA--INFORMACIÓN GENERAL
campo de control de longitud fija 070214s1910 fr r ||||1| fre d
100 1# - ENTRADA PRINCIPAL--NOMBRE DE PERSONA
Nombre de persona Steffens, Franz.
9 (RLIN) 108000
245 10 - MENCIÓN DEL TÍTULO
Título Paleographie latine /
Mención de responsabilidad, etc. Franz Steffens.
250 ## - MENCION DE EDICION
Mención de edición edition française d'apres la nouvelle edition allemande
Resto de la mención de edición par Remi Coulan.
260 ## - PUBLICACIÓN, DISTRIBUCIÓN, ETC.
Lugar de publicación, distribución, etc. Tréves (Francia) :
Nombre del editor, distribuidor, etc. [s. n.],
Fecha de publicación, distribución, etc. 1910 (
Fabricante Imp. Schaar-Dathe)
300 ## - DESCRIPCIÓN FÍSICA
Extensión XL, 125 facsimiles ;
Dimensiones 42 cm.
700 1# - ENTRADA AGREGADA--NOMBRE PERSONAL
Nombre de persona Coulan, Remi.
9 (RLIN) 41232
852 ## - LOCALIZACIÓN
Ubicación ES-MaACL
Número de control de estantería B-8102
Holdings
Estatus retirado Estado de pérdida Estado de daño No para préstamo Biblioteca de origen Biblioteca actual Ubicación en estantería Fecha de adquisición Fuente de adquisición Total de préstamos Signatura topográfica completa Código de barras Visto por última vez Precio de reemplazo Tipo de ítem Koha
        Biblioteca del Ateneo de Madrid Biblioteca del Ateneo de Madrid Sala Pardo Bazán 17/01/2008     B-8102 1154841 23/02/2023 23/02/2023 Libro impreso